[Event "South Wales New Year Open "]
[Site "Bridgend"]
[Date "2017.01.06"]
[Round "1.1"]
[White "Toczek, Grzegorz"]
[Black "Robinson, David"]
[Result "1-0"]
[WhiteElo "2229"]
[BlackElo "1923"]
[PlyCount "71"]
[EventDate "2017.01.06"]
[EventType "swiss"]
[EventRounds "5"]
[EventCountry "WLS"]
[SourceDate "2017.01.06"]

1. e4 d5 2. exd5 Qxd5 3. Nc3 Qa5 4. d4 Nf6 5. Nf3 c6 6. Bc4 Bf5 7. Ne5 e6 8. g4
Bg6 9. h4 Nbd7 10. Nxd7 Nxd7 11. h5 Be4 12. Rh3 Bd5 13. Qe2 Bxc4 14. Qxc4 Bd6
15. Bd2 Qc7 16. Rf3 Nb6 17. Qb3 Nd5 18. Ne4 Bf4 19. O-O-O O-O-O 20. c4 Bxd2+
21. Rxd2 Nb6 22. a4 f6 23. a5 Nd7 24. c5 Nf8 25. h6 Rg8 26. hxg7 Rxg7 27. Rxf6
e5 28. a6 b6 29. cxb6 Qxb6 30. Qxb6 axb6 31. Rxc6+ Rc7 32. Rxc7+ Kxc7 33. dxe5
Ra8 34. f4 Rxa6 35. f5 Ra4 36. Nf6 1-0

[Event "South Wales New Year Open "]
[Site "Bridgend"]
[Date "2017.01.06"]
[Round "1.2"]
[White "May, Adam"]
[Black "Sands, David A"]
[Result "1/2-1/2"]
[WhiteElo "1917"]
[BlackElo "2127"]
[PlyCount "38"]
[EventDate "2017.01.06"]
[EventType "swiss"]
[EventRounds "5"]
[EventCountry "WLS"]
[SourceDate "2017.01.06"]

1. c4 e5 2. g3 Nf6 3. Bg2 d5 4. cxd5 Nxd5 5. Nc3 Nb6 6. Nf3 Nc6 7. O-O Be7 8.
a3 O-O 9. b4 Be6 10. Rb1 f6 11. d3 Nd4 12. Nd2 Nd5 13. Bb2 Nxc3 14. Bxc3 c6 15.
Ne4 Bd5 16. e3 Nb5 17. Bb2 Rf7 18. Qe2 Bf8 19. f4 exf4 1/2-1/2

[Event "South Wales New Year Open "]
[Site "Bridgend"]
[Date "2017.01.06"]
[Round "1.3"]
[White "Bullen, Alex"]
[Black "Parry, Matthew"]
[Result "1-0"]
[WhiteElo "2105"]
[BlackElo "1901"]
[PlyCount "43"]
[EventDate "2017.01.06"]
[EventType "swiss"]
[EventRounds "5"]
[EventCountry "WLS"]
[SourceDate "2017.01.06"]

1. e4 Nf6 2. Nc3 d5 3. e5 Nfd7 4. d4 e6 5. f4 c5 6. Nf3 Nc6 7. Ne2 Be7 8. c3 f6
9. a3 cxd4 10. cxd4 Nb6 11. Nc3 g5 12. exf6 Bxf6 13. Nxg5 Nxd4 14. Qh5+ Kd7 15.
Bd3 h6 16. Nf7 Qg8 17. O-O Rh7 18. Bxh7 Qxh7 19. Ne5+ Kc7 20. Be3 Nc2 21. Rac1
Bd7 22. Rf2 1-0

[Event "South Wales New Year Open "]
[Site "Bridgend"]
[Date "2017.01.06"]
[Round "1.4"]
[White "James, Dai"]
[Black "Brown, Thomas"]
[Result "0-1"]
[WhiteElo "1872"]
[BlackElo "2065"]
[PlyCount "66"]
[EventDate "2017.01.06"]
[EventType "swiss"]
[EventRounds "5"]
[EventCountry "WLS"]
[SourceDate "2017.01.06"]

1. f4 d5 2. Nf3 g6 3. g3 Bg7 4. Bg2 b6 5. c4 e6 6. Ne5 Nf6 7. d4 O-O 8. Nc3 Bb7
9. O-O Nbd7 10. b4 c5 11. dxc5 Nxe5 12. fxe5 Ng4 13. cxd5 Bxe5 14. c6 Bxc6 15.
dxc6 Bxc3 16. Bf4 e5 17. Rc1 Bxb4 18. c7 Qxd1 19. Rfxd1 Rae8 20. Bc6 Re7 21.
Bd7 Bc5+ 22. Rxc5 bxc5 23. c8=Q Rxc8 24. Bxc8 exf4 25. Bxg4 fxg3 26. hxg3 c4
27. Rd7 Re3 28. Rxa7 Rxg3+ 29. Kf2 Rxg4 30. Rc7 h5 31. Kf3 Rd4 32. a4 c3 33. a5
Ra4 0-1

[Event "South Wales New Year Open "]
[Site "Bridgend"]
[Date "2017.01.06"]
[Round "1.6"]
[White "Howells, CHris"]
[Black "Pleasants, Allan J"]
[Result "0-1"]
[WhiteElo "1814"]
[BlackElo "2018"]
[PlyCount "106"]
[EventDate "2017.01.06"]
[EventType "swiss"]
[EventRounds "5"]
[EventCountry "WLS"]
[SourceDate "2017.01.06"]

1. e4 d6 2. d4 g6 3. Be3 Bg7 4. Nc3 a6 5. Qd2 Nc6 6. Nf3 Bg4 7. Be2 Qd7 8. h3
Bxf3 9. Bxf3 Nf6 10. O-O O-O 11. Rad1 e5 12. d5 Ne7 13. Bh6 Kh8 14. Be2 Neg8
15. Bxg7+ Kxg7 16. Kh2 Qe7 17. Rde1 Nd7 18. b4 h6 19. g3 Rae8 20. Bd3 Ngf6 21.
Rg1 Nh7 22. f3 Ndf6 23. Nd1 Nh5 24. Ne3 Rh8 25. Ref1 Qd7 26. Qc3 Ng5 27. g4 Nf4
28. Ng2 Ngxh3 29. Nxf4 Nxf4 30. Kg3 h5 31. Rh1 Qe7 32. Rh4 g5 33. Rhh1 h4+ 34.
Kh2 Rc8 35. Qb3 Qf6 36. Rf2 c6 37. c4 Rc7 38. Rd1 Rhc8 39. Bf1 cxd5 40. exd5
Ng6 41. Qe3 Qf4+ 42. Qxf4 exf4 43. Rc1 Ne5 44. a4 a5 45. b5 b6 46. Rc3 Re7 47.
Kh3 Nd7 48. Re2 Rce8 49. Rxe7 Rxe7 50. Kg2 Nc5 51. Ra3 Re3 52. Ra1 Kf6 53. Kf2
Ke5 0-1

[Event "South Wales New Year Open "]
[Site "Bridgend"]
[Date "2017.01.06"]
[Round "1.7"]
[White "Rodriguez, Juan Talavera"]
[Black "Dixon, Chris"]
[Result "1/2-1/2"]
[WhiteElo "2003"]
[BlackElo "1799"]
[PlyCount "93"]
[EventDate "2017.01.06"]
[EventType "swiss"]
[EventRounds "5"]
[EventCountry "WLS"]
[SourceDate "2017.01.06"]

1. e4 d6 2. d4 Nf6 3. Nc3 g6 4. Nf3 Bg7 5. Be3 O-O 6. Bd3 c6 7. O-O Bg4 8. h3
Bxf3 9. Qxf3 Nbd7 10. Ne2 e5 11. c3 d5 12. Ng3 dxe4 13. Nxe4 Nxe4 14. Bxe4 exd4
15. cxd4 Nf6 16. Bc2 Nd5 17. Bb3 Qd6 18. Rad1 Rfe8 19. Rd2 Re6 20. Bxd5 Qxd5
21. Qxd5 cxd5 22. Rc1 Rc6 23. Rdc2 Rac8 24. Rxc6 Rxc6 25. Rxc6 bxc6 26. Kf1 Kf8
27. b3 Ke8 28. Ke2 Kd7 29. Kd3 Bf8 30. Bd2 f5 31. f4 Bd6 32. Ke3 Ke6 33. Be1
Be7 34. Ba5 Kd7 35. Kd3 Bd6 36. g3 Kc8 37. Kc3 g5 38. Bb4 Bc7 39. fxg5 Bxg3 40.
Kd3 Bf2 41. Bc5 a6 42. Be7 Kd7 43. Bf6 Ke6 44. Bd8 Kd7 45. Bf6 Ke6 46. Bd8 Kd7
47. Bf6 1/2-1/2

[Event "South Wales New Year Open "]
[Site "Bridgend"]
[Date "2017.01.06"]
[Round "1.8"]
[White "Jukes, Sam"]
[Black "Fathallah, Joe"]
[Result "0-1"]
[WhiteElo "1730"]
[BlackElo "1995"]
[PlyCount "72"]
[EventDate "2017.01.06"]
[EventType "swiss"]
[EventRounds "5"]
[EventCountry "WLS"]
[SourceDate "2017.01.06"]

1. d4 f5 2. g3 Nf6 3. Bg2 g6 4. Nf3 Bg7 5. O-O O-O 6. c4 d6 7. Nc3 c6 8. a4 a5
9. Bf4 Na6 10. Ne1 Nh5 11. Bg5 h6 12. Bd2 e5 13. d5 c5 14. e4 Nf6 15. f4 exf4
16. Bxf4 g5 17. Bd2 Nxe4 18. Nxe4 fxe4 19. Rxf8+ Qxf8 20. Bc3 Bf5 21. Nc2 Nb4
22. Bxg7 Qxg7 23. Nxb4 axb4 24. Qe2 Qd4+ 25. Kh1 Kg7 26. Rd1 Qe5 27. Re1 Re8
28. Rd1 e3 29. Bf3 b3 30. Kg2 Bc2 31. Rf1 Qxb2 32. Kg1 Qd4 33. Bh5 Bd3 34. Rf7+
Kg8 35. Qf3 e2+ 36. Kg2 e1=N+ 0-1

[Event "South Wales New Year Open "]
[Site "Bridgend"]
[Date "2017.01.06"]
[Round "1.9"]
[White "Waterfield, John W"]
[Black "Thomas, Roy"]
[Result "1-0"]
[WhiteElo "1983"]
[BlackElo "1728"]
[PlyCount "45"]
[EventDate "2017.01.06"]
[EventType "swiss"]
[EventRounds "5"]
[EventCountry "WLS"]
[SourceDate "2017.01.06"]

1. e4 c5 2. c3 d5 3. exd5 Qxd5 4. d4 e6 5. Nf3 Nf6 6. Bd3 cxd4 7. cxd4 Nc6 8.
Nc3 Qd8 9. O-O Be7 10. a3 O-O 11. Bc2 a6 12. Qd3 Qc7 13. Bg5 g6 14. Rfe1 Rd8
15. Rad1 b5 16. b4 Bb7 17. Bb3 Ng4 18. Bxe7 Nxd4 19. Ne4 Qxe7 20. Nxd4 e5 21.
Nc5 Qh4 22. Qg3 Qxg3 23. hxg3 1-0

[Event "South Wales New Year Open "]
[Site "Bridgend"]
[Date "2017.01.06"]
[Round "1.11"]
[White "Lewis, David Rhys"]
[Black "Bonutto, Stephen"]
[Result "1/2-1/2"]
[WhiteElo "1948"]
[BlackElo "1452"]
[PlyCount "45"]
[EventDate "2017.01.06"]
[EventType "swiss"]
[EventRounds "5"]
[EventCountry "WLS"]
[SourceDate "2017.01.06"]

1. e4 e5 2. Bc4 Nf6 3. d3 d5 4. exd5 Nxd5 5. Nf3 Nc6 6. O-O Bg4 7. Re1 Be7 8.
h3 Bxf3 9. Qxf3 Nf6 10. Bb5 Qd6 11. Bxc6+ bxc6 12. Rxe5 Qxe5 13. Qxc6+ Kd8 14.
Qxa8+ Kd7 15. Qxa7 Qe1+ 16. Kh2 Bd6+ 17. g3 Qxc1 18. Qa4+ Ke7 19. Qd4 Re8 20.
Qe3+ Qxe3 21. fxe3 Nd5 22. e4 Nb4 23. Na3 1/2-1/2

[Event "South Wales New Year Open "]
[Site "Bridgend"]
[Date "2017.01.06"]
[Round "1.12"]
[White "Govindaraj, Neya"]
[Black "Turner, Joseph David"]
[Result "1/2-1/2"]
[WhiteElo "1308"]
[BlackElo "1932"]
[PlyCount "56"]
[EventDate "2017.01.06"]
[EventType "swiss"]
[EventRounds "5"]
[EventCountry "WLS"]
[SourceDate "2017.01.06"]

1. d4 Nf6 2. Nc3 d5 3. Bg5 Nbd7 4. Qd3 h6 5. Bf4 c6 6. Nf3 Qa5 7. Bd2 Qc7 8. e4
dxe4 9. Nxe4 e6 10. O-O-O Nxe4 11. Qxe4 Nf6 12. Qd3 Be7 13. Be3 O-O 14. Rg1 Ng4
15. h3 Nxe3 16. Qxe3 Qa5 17. Kb1 c5 18. Be2 cxd4 19. Nxd4 Bf6 20. g4 e5 21. Nb3
Qc7 22. Qg3 Be6 23. Rh1 Rac8 24. Bd3 Bg5 25. h4 Bf4 26. Qg2 a5 27. Qe4 g6 28.
Rhg1 a4 1/2-1/2

[Event "South Wales New Year Open "]
[Site "Bridgend"]
[Date "2017.01.07"]
[Round "2.1"]
[White "Pleasants, Allan J"]
[Black "Toczek, Grzegorz"]
[Result "0-1"]
[WhiteElo "2018"]
[BlackElo "2229"]
[PlyCount "96"]
[EventDate "2017.01.06"]
[EventType "swiss"]
[EventRounds "5"]
[EventCountry "WLS"]
[SourceDate "2017.01.06"]

1. Nf3 c5 2. e4 Nc6 3. Bb5 g6 4. Bxc6 bxc6 5. O-O Bg7 6. Re1 Nh6 7. c3 O-O 8.
d4 cxd4 9. cxd4 d5 10. Nc3 dxe4 11. Nxe4 Nf5 12. Be3 Be6 13. Nc5 Bd5 14. Ne5
Re8 15. Qa4 Qb6 16. Qc2 Qc7 17. Qc3 Qc8 18. Bf4 Rd8 19. Rad1 a5 20. b3 Rb8 21.
Qxa5 Ra8 22. Qd2 f6 23. Ned3 Nh4 24. Bg3 Nxg2 25. Rxe7 Qh3 26. Ne4 Re8 27.
Rxe8+ Rxe8 28. f3 Nh4 29. Bxh4 Qxf3 30. Ndf2 f5 31. Qd3 fxe4 32. Qxf3 exf3 33.
Ng4 Re2 34. Bf2 Rxa2 35. Ne5 Bh6 36. Ng4 Bg5 37. h4 Bxh4 38. Nh6+ Kg7 39. Nf5+
gxf5 40. Bxh4 Rg2+ 41. Kf1 Bxb3 42. Rc1 Bd5 43. Bf2 h5 44. Ra1 h4 45. Ra7+ Kg6
46. Bxh4 Bc4+ 47. Ke1 Re2+ 48. Kd1 f2 0-1

[Event "South Wales New Year Open "]
[Site "Bridgend"]
[Date "2017.01.07"]
[Round "2.2"]
[White "Fathallah, Joe"]
[Black "Bullen, Alex"]
[Result "1/2-1/2"]
[WhiteElo "1995"]
[BlackElo "2105"]
[PlyCount "111"]
[EventDate "2017.01.06"]
[EventType "swiss"]
[EventRounds "5"]
[EventCountry "WLS"]
[SourceDate "2017.01.06"]

1. d4 Nf6 2. c4 e6 3. Nc3 Bb4 4. Qc2 d5 5. cxd5 exd5 6. Bg5 c5 7. Nf3 Nbd7 8.
e3 Qa5 9. Bd3 c4 10. Bf5 O-O 11. O-O Re8 12. Bf4 g6 13. Bh6 Bxc3 14. bxc3 Ne4
15. Bxd7 Bxd7 16. Rac1 Re6 17. Ng5 Nxg5 18. Bxg5 Ra6 19. Ra1 Bf5 20. Qd2 Re8
21. f3 Bd3 22. Rfe1 f5 23. Bf4 Qa3 24. Be5 Rb6 25. Rec1 Rb2 26. Qe1 Qe7 27. Qg3
Rc8 28. h4 Rc6 29. Kh2 b5 30. a3 Re2 31. Qf4 Ra6 32. Qh6 Rb2 33. Kg3 Rb3 34. h5
Re6 35. Bf4 gxh5 36. Qxh5 Rg6+ 37. Kh2 Rb2 38. Rg1 Qg7 39. Qh3 a5 40. Kh1 Rb3
41. Be5 Qf8 42. Bf4 Rxc3 43. g4 fxg4 44. Rxg4 Rb3 45. Rxg6+ Bxg6 46. Rg1 Qe8
47. Be5 Rb1 48. Rxb1 Bxb1 49. Qh4 Bd3 50. Qg5+ Qg6 51. Qd8+ Kf7 52. Qd7+ Kg8
53. Qxd5+ Qf7 54. Qd8+ Qf8 55. Qd5+ Qf7 56. Qd8+ 1/2-1/2

[Event "South Wales New Year Open "]
[Site "Bridgend"]
[Date "2017.01.07"]
[Round "2.3"]
[White "Brown, Thomas"]
[Black "Waterfield, John W"]
[Result "1-0"]
[WhiteElo "2065"]
[BlackElo "1983"]
[PlyCount "79"]
[EventDate "2017.01.06"]
[EventType "swiss"]
[EventRounds "5"]
[EventCountry "WLS"]
[SourceDate "2017.01.06"]

1. Nf3 Nf6 2. c4 g6 3. Nc3 Bg7 4. e4 d6 5. d4 O-O 6. Be2 e5 7. d5 a5 8. Be3 Ng4
9. Bg5 f6 10. Bd2 Na6 11. h3 Nh6 12. h4 c6 13. h5 g5 14. Nh2 f5 15. g4 fxg4 16.
Nxg4 Nxg4 17. Bxg4 Nc5 18. Bxc8 Rxc8 19. Be3 cxd5 20. Qxd5+ Kh8 21. O-O-O Rc6
22. Bxc5 Rxc5 23. Qxc5 dxc5 24. Rxd8 Rxd8 25. Rd1 Bf6 26. Nd5 Kg7 27. Rd3 Rd6
28. Rf3 g4 29. Rf5 Re6 30. Ne3 h6 31. Nxg4 Bg5+ 32. Kc2 Bf4 33. Ne3 Bxe3 34.
fxe3 b6 35. b3 Kg8 36. Kb2 Kg7 37. Ka3 Rf6 38. Rxe5 Rf3 39. Re6 Rxe3 40. Rg6+
1-0

[Event "South Wales New Year Open "]
[Site "Bridgend"]
[Date "2017.01.07"]
[Round "2.4"]
[White "Taylor, Robert Graham"]
[Black "Young, Alan"]
[Result "0-1"]
[WhiteElo "1955"]
[BlackElo "2020"]
[PlyCount "86"]
[EventDate "2017.01.06"]
[EventType "swiss"]
[EventRounds "5"]
[EventCountry "WLS"]
[SourceDate "2017.01.06"]

1. Nf3 d5 2. g3 c5 3. Bg2 Nc6 4. d4 e6 5. O-O Nf6 6. b3 Bd6 7. Bb2 O-O 8. Nbd2
cxd4 9. Nxd4 e5 10. Nb5 Be7 11. e4 Be6 12. a4 Qd7 13. exd5 Nxd5 14. Nc4 f6 15.
Qf3 Rad8 16. Rfd1 Qc8 17. Ne3 Nxe3 18. Qxe3 a6 19. Na3 Rd7 20. Bf3 Rfd8 21.
Rxd7 Rxd7 22. Rd1 Qd8 23. Rxd7 Qxd7 24. Be2 Nb4 25. Qc1 Kh8 26. Nc4 Bf5 27. Ne3
Be4 28. f3 Bc6 29. Kg2 Bc5 30. Nd1 e4 31. Qf4 Bd6 32. Qc1 exf3+ 33. Bxf3 Bxf3+
34. Kxf3 Qf5+ 35. Kg2 Qxc2+ 36. Qxc2 Nxc2 37. Kf3 Nb4 38. Ke2 Nc6 39. Ne3 Kg8
40. Nc4 Be7 41. Nb6 Kf7 42. Nd5 Bd6 43. Bc3 Ke6 {time} 0-1

[Event "South Wales New Year Open "]
[Site "Bridgend"]
[Date "2017.01.07"]
[Round "2.5"]
[White "Sands, David A"]
[Black "Evans, Nicholas Thomas"]
[Result "1-0"]
[WhiteElo "2127"]
[BlackElo "1847"]
[PlyCount "89"]
[EventDate "2017.01.06"]
[EventType "swiss"]
[EventRounds "5"]
[EventCountry "WLS"]
[SourceDate "2017.01.06"]

1. d4 d5 2. c4 e6 3. Nf3 Nf6 4. g3 Bb4+ 5. Bd2 Be7 6. Bg2 O-O 7. O-O c6 8. Qc2
Nbd7 9. Rd1 b6 10. b3 Ba6 11. a4 Rc8 12. a5 Nb8 13. axb6 axb6 14. Bf4 Bd6 15.
Bxd6 Qxd6 16. Nbd2 c5 17. e4 dxe4 18. Nxe4 Nxe4 19. Qxe4 b5 20. Ng5 g6 21. Qh4
h5 22. Ne4 Qb6 23. dxc5 Rxc5 24. Nxc5 Qxc5 25. cxb5 Bxb5 26. Qd4 Qxd4 27. Rxd4
Bc6 28. Rd6 Bxg2 29. Kxg2 Kg7 30. Ra8 Kf6 31. Rb6 Nd7 32. Rxf8 Nxb6 33. Kf3 Ke7
34. Rb8 Nd7 35. Rb7 Kd6 36. Ke3 Ne5 37. h3 Kc6 38. Ra7 Kb6 39. Re7 Kc5 40. f4
Nc6 41. Rxf7 Na5 42. Rg7 Nxb3 43. Rxg6 Nd4 44. Rg5+ Nf5+ 45. Ke4 1-0

[Event "South Wales New Year Open "]
[Site "Bridgend"]
[Date "2017.01.07"]
[Round "2.6"]
[White "Haigh, Tony"]
[Black "Ralphs, Nigel"]
[Result "0-1"]
[WhiteElo "1822"]
[BlackElo "2059"]
[PlyCount "62"]
[EventDate "2017.01.06"]
[EventType "swiss"]
[EventRounds "5"]
[EventCountry "WLS"]
[SourceDate "2017.01.06"]

1. d4 d5 2. c4 c6 3. cxd5 cxd5 4. Nc3 Nf6 5. Nf3 Nc6 6. Bf4 Bf5 7. e3 e6 8. Bb5
Nd7 9. O-O Be7 10. a3 Rc8 11. Qa4 a6 12. Bxc6 Rxc6 13. Ne5 Nxe5 14. Bxe5 O-O
15. Rfc1 Qb6 16. b4 Rfc8 17. Qb3 Qb5 18. g4 Qd3 19. gxf5 Rxc3 20. Rxc3 Qxc3 21.
Qxc3 Rxc3 22. fxe6 fxe6 23. Bb8 Kf7 24. Kf1 Ke8 25. Ke1 Rxa3 26. Rb1 Ra4 27. b5
Rb4 28. Rxb4 Bxb4+ 29. Kd1 Kd7 30. bxa6 bxa6 31. Kc2 Bd6 0-1

[Event "South Wales New Year Open "]
[Site "Bridgend"]
[Date "2017.01.07"]
[Round "2.7"]
[White "Sivarajasingam, Shayanna"]
[Black "Rodriguez, Juan Talavera"]
[Result "0-1"]
[WhiteElo "1709"]
[BlackElo "2003"]
[PlyCount "104"]
[EventDate "2017.01.06"]
[EventType "swiss"]
[EventRounds "5"]
[EventCountry "WLS"]
[SourceDate "2017.01.06"]

1. e4 e5 2. Nf3 Nc6 3. Nc3 Nf6 4. d4 exd4 5. Nxd4 Bb4 6. Nxc6 bxc6 7. Bd3 d5 8.
exd5 cxd5 9. O-O O-O 10. Bg5 c6 11. Qf3 Be7 12. Rae1 Be6 13. h3 Rb8 14. Nd1 c5
15. Bf4 Rb6 16. Be5 Nd7 17. c3 Nxe5 18. Rxe5 Bf6 19. Re2 g6 20. Rfe1 Bg7 21.
Qg3 Qb8 22. Qxb8 Rfxb8 23. Kh2 c4 24. Bc2 d4 25. cxd4 Bxd4 26. b3 cxb3 27. axb3
Bxb3 28. Bxb3 Rxb3 29. Ne3 a5 30. Nc4 a4 31. Ra2 Ra8 32. Rd1 Bc3 33. g3 Ra7 34.
Kg2 Bf6 35. Rd5 a3 36. h4 Ra4 37. Nd2 Rb2 38. Rxb2 Bxb2 39. Nb3 Rb4 40. Rd3
Rxb3 41. Rxb3 a2 42. Rxb2 a1=Q 43. Re2 Kg7 44. f3 Qa8 45. Rf2 f5 46. Re2 Qb7
47. Rd2 Kh6 48. Re2 Kh5 49. Rf2 f4 50. g4+ Kxh4 51. Kh2 h5 52. gxh5 gxh5 0-1

[Event "South Wales New Year Open "]
[Site "Bridgend"]
[Date "2017.01.07"]
[Round "2.8"]
[White "Dixon, Chris"]
[Black "Ehsandar, Peter"]
[Result "1-0"]
[WhiteElo "1799"]
[BlackElo "1955"]
[PlyCount "59"]
[EventDate "2017.01.06"]
[EventType "swiss"]
[EventRounds "5"]
[EventCountry "WLS"]
[SourceDate "2017.01.06"]

1. Nf3 Nf6 2. g3 g6 3. Bg2 Bg7 4. d3 O-O 5. O-O d6 6. e4 c5 7. Nc3 Nc6 8. h3
Rb8 9. a4 a6 10. Be3 b5 11. axb5 axb5 12. Qd2 b4 13. Ne2 e5 14. Bh6 Qb6 15.
Bxg7 Kxg7 16. Nh4 Be6 17. Nf5+ Bxf5 18. exf5 Ne7 19. g4 h6 20. Ng3 Nfd5 21. g5
hxg5 22. Qxg5 Rh8 23. fxg6 f6 24. Nh5+ Rxh5 25. Qxh5 Rh8 26. Qf3 Rh6 27. Kh2
Nf4 28. Rg1 Nf5 29. Qa8 Rh8 30. Ra7+ 1-0

[Event "South Wales New Year Open "]
[Site "Bridgend"]
[Date "2017.01.07"]
[Round "2.9"]
[White "Sivarajasingam, Venetia"]
[Black "Lewis, David Rhys"]
[Result "1/2-1/2"]
[WhiteElo "1668"]
[BlackElo "1948"]
[PlyCount "86"]
[EventDate "2017.01.06"]
[EventType "swiss"]
[EventRounds "5"]
[EventCountry "WLS"]
[SourceDate "2017.01.06"]

1. e4 e6 2. d4 d5 3. e5 c5 4. c3 Nc6 5. Nf3 Bd7 6. Be2 f6 7. O-O Qc7 8. Re1
O-O-O 9. Bd3 Qb6 10. Bc2 h6 11. b3 cxd4 12. cxd4 f5 13. Nc3 a6 14. Bb2 g5 15.
Na4 Qa7 16. h3 b5 17. Nc3 Nge7 18. Nh2 h5 19. Nf3 Rg8 20. Bc1 f4 21. a4 b4 22.
Na2 Bh6 23. Bd2 a5 24. Bd3 Kb8 25. Rc1 Nxd4 26. Nxb4 Nxf3+ 27. Qxf3 axb4 28.
Bxb4 g4 29. Bd6+ Ka8 30. hxg4 hxg4 31. Qd1 Nc6 32. Rc2 Bf8 33. Bb5 g3 34. Ree2
Bxd6 35. Bxc6+ Bxc6 36. Rxc6 Bc5 37. Qd3 gxf2+ 38. Kf1 Rh8 39. Rxf2 Rh1+ 40.
Ke2 Bb6 41. Qb5 Rb8 42. Rxf4 Rh7 43. Rxe6 Rd7 1/2-1/2

[Event "South Wales New Year Open "]
[Site "Bridgend"]
[Date "2017.01.07"]
[Round "2.10"]
[White "Bevan, Peter M"]
[Black "Qiu, Anlan"]
[Result "0-1"]
[WhiteElo "1944"]
[BlackElo "1598"]
[PlyCount "84"]
[EventDate "2017.01.06"]
[EventType "swiss"]
[EventRounds "5"]
[EventCountry "WLS"]
[SourceDate "2017.01.06"]

1. c4 e6 2. Nf3 d5 3. g3 Nf6 4. Bg2 c5 5. e3 Nc6 6. b3 Be7 7. O-O d4 8. exd4
cxd4 9. Re1 O-O 10. Bb2 Qb6 11. d3 Rd8 12. Ne5 Nxe5 13. Rxe5 Bd7 14. Ba3 Bxa3
15. Nxa3 Qd6 16. Ra5 Bc6 17. Bxc6 bxc6 18. Qe1 Nd7 19. b4 e5 20. c5 Qd5 21. Nc4
f5 22. Nd6 g6 23. Qe2 Nf6 24. f3 Rd7 25. Rf1 Re7 26. g4 fxg4 27. fxg4 Qe6 28.
g5 Nd5 29. Ne4 Rf8 30. Rxf8+ Kxf8 31. b5 Rf7 32. bxc6 Nf4 33. Qd1 Qxc6 34. Qb3
Kg7 35. Qa4 Qe6 36. Nf6 Qh3 37. Qc2 Qe3+ 38. Kf1 Nxd3 39. c6 Qe1+ 40. Kg2 Nf4+
41. Kf3 Qe3+ 42. Kg4 Qh3# 0-1

[Event "South Wales New Year Open "]
[Site "Bridgend"]
[Date "2017.01.07"]
[Round "2.11"]
[White "Turner, Joseph David"]
[Black "Probert, Malcolm"]
[Result "1-0"]
[WhiteElo "1932"]
[BlackElo "1595"]
[PlyCount "49"]
[EventDate "2017.01.06"]
[EventType "swiss"]
[EventRounds "5"]
[EventCountry "WLS"]
[SourceDate "2017.01.06"]

1. e4 c6 2. Nc3 g6 3. Nf3 Bg7 4. d4 d5 5. h3 Nh6 6. g4 dxe4 7. Nxe4 f5 8. gxf5
Nxf5 9. c3 b6 10. Bc4 Nd6 11. Nxd6+ Qxd6 12. Ng5 e6 13. Qf3 Qe7 14. Ne4 Rf8 15.
Qg3 e5 16. Bg5 Qc7 17. O-O-O h6 18. Bf6 Bf5 19. Bxg7 Qxg7 20. Nd6+ Ke7 21. dxe5
Nd7 22. Nxf5+ Rxf5 23. e6 Nc5 24. Qd6+ Kf6 25. Qd4+ 1-0

[Event "South Wales New Year Open "]
[Site "Bridgend"]
[Date "2017.01.07"]
[Round "2.13"]
[White "Jaberansari, Daniel"]
[Black "White, Ernest M"]
[Result "0-1"]
[WhiteElo "1393"]
[BlackElo "1889"]
[PlyCount "58"]
[EventDate "2017.01.06"]
[EventType "swiss"]
[EventRounds "5"]
[EventCountry "WLS"]
[SourceDate "2017.01.06"]

1. e4 e5 2. Nf3 Nc6 3. d4 exd4 4. Nxd4 Bc5 5. Nb3 Bb6 6. Nc3 Qf6 7. Qe2 Nge7 8.
Be3 d6 9. Bxb6 axb6 10. O-O-O O-O 11. g3 Be6 12. Kb1 Ne5 13. f4 N5c6 14. f5
Bxb3 15. cxb3 Ra5 16. h4 Rfa8 17. g4 Nd4 18. Qe1 c5 19. g5 Qe5 20. g6 fxg6 21.
Bc4+ Kh8 22. fxg6 h6 23. Qf2 Nxg6 24. h5 Nf4 25. Rdf1 Nxh5 26. Rfg1 Nf6 27. b4
cxb4 28. Nd5 Qxe4+ 29. Kc1 Rxd5 0-1

[Event "South Wales New Year Open "]
[Site "Bridgend"]
[Date "2017.01.07"]
[Round "2.14"]
[White "Bonutto, Stephen"]
[Black "James, Dai"]
[Result "1/2-1/2"]
[WhiteElo "1452"]
[BlackElo "1872"]
[PlyCount "71"]
[EventDate "2017.01.06"]
[EventType "swiss"]
[EventRounds "5"]
[EventCountry "WLS"]
[SourceDate "2017.01.06"]

1. e4 c5 2. Nf3 d6 3. d4 Nf6 4. Nc3 cxd4 5. Nxd4 a6 6. Be2 e6 7. O-O Be7 8. Be3
b5 9. Bf3 e5 10. Nde2 Bb7 11. Qd2 Nbd7 12. Rfd1 O-O 13. Ng3 g6 14. Rac1 Rc8 15.
a3 Qc7 16. Bg5 Rfd8 17. Nd5 Nxd5 18. exd5 Bxg5 19. Qxg5 f6 20. Qg4 Nf8 21. Be4
Qg7 22. Qh4 Rc4 23. b3 Rc3 24. Ne2 Rc5 25. c4 Rdc8 26. cxb5 axb5 27. Bf3 Nd7
28. Qb4 Nb6 29. Rxc5 Rxc5 30. g3 Nxd5 31. Qa5 Nb6 32. Bxb7 Qxb7 33. Rxd6 Qe4
34. Qxb6 Qb1+ 35. Kg2 Qe4+ 36. Kh3 1/2-1/2

[Event "South Wales New Year Open "]
[Site "Bridgend"]
[Date "2017.01.07"]
[Round "2.15"]
[White "Robinson, David"]
[Black "Howells, CHris"]
[Result "0-1"]
[WhiteElo "1923"]
[BlackElo "1814"]
[PlyCount "194"]
[EventDate "2017.01.06"]
[EventType "swiss"]
[EventRounds "5"]
[EventCountry "WLS"]
[SourceDate "2017.01.06"]

1. d4 Nf6 2. Nf3 e6 3. Bf4 b6 4. e3 Bb7 5. Nbd2 c5 6. c3 Nc6 7. Bd3 d5 8. O-O
Bd6 9. Ne5 Qc7 10. Ndf3 Nd7 11. Nxd7 Bxf4 12. exf4 Qxd7 13. Ne5 Qc7 14. Rc1
Nxe5 15. fxe5 c4 16. Bb1 O-O-O 17. f4 g6 18. Qg4 h5 19. Qh4 Rdf8 20. Rf3 Qd8
21. Qg5 h4 22. Qg4 Rh6 23. Re1 Kb8 24. Bc2 Bc6 25. Bd1 Bd7 26. Rh3 Rh5 27. Qe2
Rfh8 28. Qd2 R5h7 29. Bg4 Qe7 30. Ree3 Kc7 31. Qe1 Qd8 32. Qf1 Qe7 33. g3 hxg3
34. Rexg3 Rxh3 35. Rxh3 Qf8 36. Rxh8 Qxh8 37. Qh3 Qxh3 38. Bxh3 Ba4 39. Kf2 Bc2
40. Kg3 Kd7 41. Kh4 Ke7 42. Kg5 Bb1 43. a3 Bc2 44. Bg4 b5 45. h4 Bd3 46. h5
gxh5 47. Bxh5 Bf5 48. Bd1 Bd3 49. a4 a6 50. a5 Bb1 51. Bg4 Bc2 52. Bf3 Bd3 53.
Bg2 Bc2 54. f5 Bd3 55. Bf3 Bc2 56. Bg4 Bd3 57. fxe6 fxe6 58. Kh6 Bc2 59. Kg7
Bb3 60. Bh5 Bc2 61. Bg6 Bb3 62. Bb1 Ba4 63. Kg6 Bd1 64. Kg5 Bb3 65. Kf4 Bd1 66.
Ke3 Bb3 67. Kd2 Kd7 68. Bc2 Kc6 69. Bxb3 cxb3 70. Kd3 Kc7 71. Ke3 Kc6 72. Kf4
b4 73. cxb4 Kb5 74. Kg5 Kc4 75. Kf6 Kxd4 76. Kxe6 Kc4 77. Kf6 d4 78. e6 d3 79.
e7 d2 80. e8=Q d1=Q 81. Qc6+ Kxb4 82. Qb6+ Ka4 83. Qxa6 Qd4+ 84. Ke6 Qxb2 85.
Qc6+ Kxa5 86. Qc5+ Ka4 87. Qc6+ Ka3 88. Qa6+ Kb4 89. Qd6+ Kc3 90. Qc5+ Kd2 91.
Qf2+ Kc1 92. Qe1+ Kc2 93. Qe4+ Kc3 94. Qe3+ $2 Kc4 $1 95. Qe4+ Qd4 96. Qc6+ Kd3
97. Qc1 Qc4+ 0-1